[Event "San Sebastian op 33rd"]
[Site "San Sebastian"]
[Date "2010.04.01"]
[Round "5"]
[White "Fuente San Sebastian, Ernesto"]
[Black "Montoya Irigoyen, Inigo"]
[Result "0-1"]
[WhiteElo "1897"]
[BlackElo "2083"]
[PlyCount "58"]
[EventDate "2010.03.28"]
[EventType "swiss"]
[EventRounds "9"]
[EventCountry "ESP"]
[SourceTitle "CBM 135 Extra"]
[Source "ChessBase"]
[SourceDate "2010.05.04"]
[SourceVersion "1"]
[SourceVersionDate "2010.05.04"]
[SourceQuality "1"]

1. e4 c5 2. Nf3 e6 3. d4 cxd4 4. Nxd4 Nc6 5. a3 Nf6 6. Nc3 Qc7 7. Be3 a6 8. f4 d6 9. Qf3 b5 10. 0-0-0 Nxd4 11. Bxd4 e5 12. Bf2 Bg4 13. Nd5 Nxd5 14. Qxg4 Nxf4 15. g3 Rc8 16. Rd2 Ne6 17. h4 Be7 18. Bh3 0-0 19. Qf3 Qa5 20. Qb3 Rc4 21. Rhd1 Rfc8 22. Kb1 b4 23. Rd5 Qc7 24. R1d2 bxa3 25. Bf1 Rc6 26. Qxa3 Rxc2 27. Qd3 Rc1+ 28. Ka2 Qb7 29. Rd1 R1c2 0-1

[Event "Euskadi-chT"]
[Site "Bergara"]
[Date "2010.02.27"]
[Round "7.1"]
[White "Montoya Irigoyen, Inigo"]
[Black "Franco Alonso, Alejandro"]
[Result "0-1"]
[WhiteElo "2083"]
[BlackElo "2472"]
[PlyCount "70"]
[EventDate "2010.01.09"]
[EventType "team-tourn"]
[EventRounds "9"]
[EventCountry "ESP"]
[SourceTitle "EXT 2011"]
[Source "ChessBase"]
[SourceDate "2010.11.26"]
[SourceVersion "1"]
[SourceVersionDate "2010.11.26"]
[SourceQuality "1"]

1. c4 e5 2. g3 Nf6 3. Bg2 d5 4. cxd5 Nxd5 5. Nc3 Nb6 6. Nf3 Nc6 7. 0-0 Be7 8. a3 0-0 9. b4 Be6 10. d3 f6 11. Bb2 Qd7 12. Rc1 Nd4 13. Nd2 c6 14. e3 Nf5 15. Nde4 Rad8 16. Nc5 Bxc5 17. bxc5 Nc8 18. Qa4 Qf7 19. Be4 Nfe7 20. Qb4 Rd7 21. d4 exd4 22. exd4 Rfd8 23. Rcd1 Nd5 24. Nxd5 Bxd5 25. Rfe1 Ne7 26. Qa5 a6 27. Rd2 Bxe4 28. Rxe4 Nd5 29. Rde2 f5 30. Re5 f4 31. Qe1 Rf8 32. Re8 Rd8 33. R8e6 Ne3 34. d5 Rxd5 35. fxe3 f3 0-1

[Event "Euskadi-chT"]
[Site "Bergara"]
[Date "2010.01.30"]
[Round "4.4"]
[White "Alonso Arburu, Juan Ignacio"]
[Black "Montoya Irigoyen, Inigo"]
[Result "1-0"]
[WhiteElo "2372"]
[BlackElo "2083"]
[PlyCount "35"]
[EventDate "2010.01.09"]
[EventType "team-tourn"]
[EventRounds "9"]
[EventCountry "ESP"]
[SourceTitle "EXT 2011"]
[Source "ChessBase"]
[SourceDate "2010.11.26"]
[SourceVersion "1"]
[SourceVersionDate "2010.11.26"]
[SourceQuality "1"]

1. c4 Nf6 2. Nc3 e6 3. d4 Bb4 4. e3 0-0 5. Nge2 b6 6. a3 Be7 7. Nf4 d5 8. cxd5 exd5 9. Bd3 Ba6 10. 0-0 Bxd3 11. Qxd3 a5 12. f3 Qd7 13. Bd2 Na6 14. Rad1 Rfd8 15. Be1 h6 16. e4 dxe4 17. fxe4 Nc5 18. dxc5 1-0

[Event "ESP-ch 74th"]
[Site "Palma de Mallorca"]
[Date "2009.09.26"]
[Round "1"]
[White "Montoya Irigoyen, Inigo"]
[Black "De la Villa Garcia, Jesus Maria"]
[Result "0-1"]
[WhiteElo "2070"]
[BlackElo "2481"]
[PlyCount "54"]
[EventDate "2009.09.26"]
[EventType "swiss"]
[EventRounds "9"]
[EventCountry "ESP"]
[SourceTitle "CBM 132 Extra"]
[Source "ChessBase"]
[SourceDate "2009.11.03"]
[SourceVersion "1"]
[SourceVersionDate "2009.11.03"]
[SourceQuality "1"]

1. c4 e5 2. g3 Nf6 3. Bg2 h6 4. e4 Bc5 5. Ne2 d6 6. 0-0 Nc6 7. Nbc3 a6 8. Nd5 Nh7 9. b4 Bxb4 10. Nxb4 Nxb4 11. d4 0-0 12. d5 a5 13. f4 c6 14. Be3 cxd5 15. a3 d4 16. axb4 dxe3 17. bxa5 Rxa5 18. Qb3 Rxa1 19. Rxa1 Qc7 20. f5 Nf6 21. Rd1 Bd7 22. Bf3 Qc5 23. Qxb7 Bc6 24. Qc7 Nxe4 25. Kg2 Nc3 26. Qxd6 Bxf3+ 27. Kxf3 e4+ 0-1

[Event "Pamplona op"]
[Site "Pamplona"]
[Date "2007.12.27"]
[Round "7"]
[White "Calzetta Ruiz, Monica"]
[Black "Montoya Irigoyen, Inigo"]
[Result "1-0"]
[WhiteElo "2287"]
[BlackElo "2072"]
[PlyCount "75"]
[EventDate "2007.12.22"]
[EventType "swiss"]
[EventRounds "9"]
[EventCountry "ESP"]
[SourceTitle "CBM 121 Extra"]
[Source "ChessBase"]
[SourceDate "2008.01.10"]
[SourceVersion "1"]
[SourceVersionDate "2008.01.10"]
[SourceQuality "1"]

1. e4 c5 2. Nc3 e6 3. Nf3 Nc6 4. d4 cxd4 5. Nxd4 Qc7 6. Be3 a6 7. Qd2 Bb4 8. 0-0-0 Nf6 9. f3 Ne5 10. Nb3 b5 11. Bd4 Be7 12. Qf2 d6 13. g4 0-0 14. g5 Nfd7 15. h4 Nc4 16. Bxc4 bxc4 17. Nd2 Bb7 18. Rhe1 Rfc8 19. f4 e5 20. Be3 exf4 21. Qxf4 Ne5 22. Nf3 Nxf3 23. Qxf3 Bf8 24. Bd4 Qa5 25. Rf1 Rc7 26. Qg3 Re7 27. Rf5 Qc7 28. Rdf1 g6 29. Rf6 Bg7 30. h5 d5 31. e5 Rf8 32. hxg6 hxg6 33. Qh2 Re6 34. Rh1 Rc8 35. Qh7+ Kf8 36. Rxe6 fxe6 37. Rf1+ Ke8 38. Qg8+ 1-0

[Event "Pamplona op"]
[Site "Pamplona"]
[Date "2007.12.23"]
[Round "2"]
[White "Montoya Irigoyen, Inigo"]
[Black "Pogorelov, Ruslan"]
[Result "0-1"]
[WhiteElo "2072"]
[BlackElo "2411"]
[PlyCount "92"]
[EventDate "2007.12.22"]
[EventType "swiss"]
[EventRounds "9"]
[EventCountry "ESP"]
[SourceTitle "CBM 121 Extra"]
[Source "ChessBase"]
[SourceDate "2008.01.10"]
[SourceVersion "1"]
[SourceVersionDate "2008.01.10"]
[SourceQuality "1"]

1. c4 Nf6 2. Nc3 e6 3. Nf3 Bb4 4. Qc2 0-0 5. a3 Bxc3 6. Qxc3 b6 7. d3 d6 8. g3 Bb7 9. Bg2 c5 10. 0-0 Nc6 11. b4 Rb8 12. Bb2 Re8 13. e3 e5 14. Rfd1 Qe7 15. Rab1 d5 16. bxc5 Qxc5 17. Rbc1 dxc4 18. Qxc4 Qe7 19. Qb5 a6 20. Qc4 Nd7 21. Qh4 f6 22. d4 e4 23. Nd2 Na5 24. Rc3 Bd5 25. Rdc1 b5 26. Qf4 Nc4 27. Nxc4 bxc4 28. R3c2 Rb3 29. Qc7 Nb6 30. Qc5 Qd7 31. Qa5 Qb5 32. Bc3 Na4 33. Bb4 Qxa5 34. Bxa5 Rxa3 35. Bf1 Nb2 36. Bb4 Rb3 37. Bc5 a5 38. Ra1 a4 39. Ra2 Reb8 40. Bd6 R8b7 41. h4 Kf7 42. Bc5 c3 43. Ba6 Rb8 44. Ra1 Ra8 45. Be2 a3 46. Kh2 Nd3 0-1

[Event "Catalunya-chT"]
[Site "Barcelona"]
[Date "2002.??.??"]
[Round "2"]
[White "Montoya Irigoyen, Inigo"]
[Black "Iglesias Ojeda, Fernando"]
[Result "1/2-1/2"]
[WhiteElo "2064"]
[BlackElo "2030"]
[PlyCount "70"]
[EventDate "2002.??.??"]
[EventType "team-tourn"]
[EventRounds "9"]
[EventCountry "ESP"]
[SourceTitle "EXT 2008"]
[Source "ChessBase"]
[SourceDate "2007.11.25"]
[SourceVersion "1"]
[SourceVersionDate "2007.11.25"]
[SourceQuality "1"]

1. e4 e5 2. Nf3 d6 3. d4 Nf6 4. Nc3 Nbd7 5. Bc4 Be7 6. h3 c6 7. Be3 0-0 8. 0-0 b5 9. Bd3 Bb7 10. d5 b4 11. dxc6 Bxc6 12. Nd5 Bxd5 13. exd5 e4 14. Nd4 exd3 15. Nc6 Qe8 16. Re1 Ne5 17. Bg5 Nxd5 18. Nxe7+ Nxe7 19. Bxe7 Qxe7 20. f4 Qc7 21. fxe5 dxc2 22. Qxd6 Qxd6 23. exd6 Rfd8 24. Rac1 Rxd6 25. Rxc2 g6 26. Re7 Rf6 27. Rb7 a5 28. a3 bxa3 29. bxa3 h5 30. Rb5 Kg7 31. Rcc5 a4 32. Rb4 Ra7 33. Rcc4 Rfa6 34. h4 Ra5 35. Kh2 R5a6 1/2-1/2

[Event "San Sebastian op 23rd"]
[Site "San Sebastian"]
[Date "2000.??.??"]
[Round "5"]
[White "Bermejo Arruego, Luis"]
[Black "Montoya Irigoyen, Inigo"]
[Result "1-0"]
[WhiteElo "2236"]
[BlackElo "2065"]
[PlyCount "71"]
[EventDate "2000.??.??"]
[EventType "swiss"]
[EventRounds "9"]
[EventCountry "ESP"]
[SourceTitle "EXT 2001"]
[Source "ChessBase"]
[SourceDate "2000.11.22"]
[SourceVersion "1"]
[SourceVersionDate "2000.11.22"]
[SourceQuality "1"]

1. e4 c6 2. c4 d5 3. exd5 cxd5 4. cxd5 Qxd5 5. Nc3 Qd8 6. d4 e6 7. Nf3 Nf6 8. Bc4 Nc6 9. 0-0 Be7 10. Bf4 a6 11. a3 0-0 12. Rc1 b5 13. Ba2 Bb7 14. Qd3 Qb6 15. b4 Rfd8 16. Rfd1 Rac8 17. h3 Nb8 18. Ng5 Nbd7 19. d5 Nf8 20. Be3 Qd6 21. Bc5 Qf4 22. Bxe7 Qxg5 23. Bxd8 Rxd8 24. Qd2 Qh5 25. Qe2 Qg5 26. f4 Qxf4 27. dxe6 Bxg2 28. Rxd8 Qxc1+ 29. Nd1 Bd5 30. Bxd5 Nxd5 31. exf7+ Kxf7 32. Qe8+ Kf6 33. Qxf8+ Kg6 34. Qe8+ Kh6 35. Rd6+ Nf6 36. Qe3+ 1-0

[Event "Spree op"]
[Site "Berlin"]
[Date "1997.??.??"]
[Round "3"]
[White "Darnstaedt, Frank"]
[Black "Montoya Irigoyen, Inigo"]
[Result "1/2-1/2"]
[WhiteElo "2295"]
[BlackElo "2070"]
[PlyCount "110"]
[EventDate "1997.??.??"]
[EventType "swiss"]
[EventRounds "9"]
[EventCountry "GER"]
[SourceTitle "EXT 2001"]
[Source "ChessBase"]
[SourceDate "2000.11.22"]
[SourceVersion "1"]
[SourceVersionDate "2000.11.22"]
[SourceQuality "1"]

1. e4 c6 2. d4 d5 3. exd5 cxd5 4. c4 Nf6 5. Nc3 Nc6 6. cxd5 Nxd5 7. Nf3 Bg4 8. Be2 e6 9. h3 Bh5 10. 0-0 Be7 11. Qb3 Qb6 12. Qxb6 Nxb6 13. Rd1 Rd8 14. Bf4 Nd5 15. Nxd5 Rxd5 16. g4 Bg6 17. Bc4 Rd8 18. d5 exd5 19. Rxd5 0-0 20. Ne5 Rxd5 21. Bxd5 Nxe5 22. Bxe5 b6 23. Re1 Bb4 24. Rc1 Rd8 25. Bf3 Bc5 26. Bc3 h6 27. Re1 f5 28. Re5 fxg4 29. hxg4 Re8 30. Bd5+ Kh7 31. Rxe8 Bxe8 32. Kg2 Bd7 33. f3 Bd6 34. Kf2 Bf4 35. Bd4 Kg6 36. b3 Bb5 37. Be4+ Kf7 38. Bd5+ Kf8 39. Be4 Be8 40. Kg2 h5 41. gxh5 Bxh5 42. Kf2 Be8 43. Ke2 Bb5+ 44. Kd1 g5 45. Kc2 Bd7 46. Kc3 Ke7 47. Bg7 g4 48. fxg4 Bxg4 49. Kc4 Bd7 50. b4 Bd2 51. b5 Kd6 52. Bf8+ Kc7 53. a4 Be6+ 54. Bd5 Bxd5+ 55. Kxd5 Kb7 1/2-1/2

[Event "Spree op"]
[Site "Berlin"]
[Date "1997.??.??"]
[Round "4"]
[White "Montoya Irigoyen, Inigo"]
[Black "Schulz, Michael"]
[Result "0-1"]
[WhiteElo "2070"]
[BlackElo "2275"]
[PlyCount "40"]
[EventDate "1997.??.??"]
[EventType "swiss"]
[EventRounds "9"]
[EventCountry "GER"]
[SourceTitle "EXT 2001"]
[Source "ChessBase"]
[SourceDate "2000.11.22"]
[SourceVersion "1"]
[SourceVersionDate "2000.11.22"]
[SourceQuality "1"]

1. e4 e6 2. d4 d5 3. Nd2 Nf6 4. Bd3 c5 5. e5 Nfd7 6. c3 Nc6 7. Ne2 Qb6 8. Nf3 cxd4 9. cxd4 f6 10. exf6 Nxf6 11. 0-0 Bd6 12. b3 0-0 13. Bb2 Bd7 14. Re1 Ng4 15. Ng3 e5 16. dxe5 Qxf2+ 17. Kh1 Bc5 18. h3 Qxg3 19. hxg4 Bxg4 20. Re2 Rxf3 0-1

[Event "ESP-chTA"]
[Site "Oropesa del Mar"]
[Date "1996.??.??"]
[Round "5"]
[White "Montoya Irigoyen, Inigo"]
[Black "Torrecillas Martinez, Antonio"]
[Result "1-0"]
[WhiteElo "2090"]
[BlackElo "2355"]
[PlyCount "73"]
[EventDate "1996.??.??"]
[EventType "team-swiss"]
[EventRounds "9"]
[EventCountry "ESP"]
[SourceTitle "EXT 1998"]
[Source "ChessBase"]
[SourceDate "1997.11.17"]
[SourceVersion "1"]
[SourceVersionDate "1997.11.17"]
[SourceQuality "1"]

1. e4 c5 2. Nf3 d6 3. d4 cxd4 4. Nxd4 Nf6 5. Nc3 a6 6. Be3 e6 7. f3 b5 8. g4 h6 9. h4 Bb7 10. Bh3 Nfd7 11. g5 g6 12. h5 b4 13. hxg6 bxc3 14. gxf7+ Ke7 15. Bxe6 Nc5 16. Bc4 cxb2 17. Nf5+ Kd7 18. g6 Qa5+ 19. Bd2 Qa3 20. Rb1 Nc6 21. Bf4 Qc3+ 22. Qd2 Qxf3 23. Nxd6 Nd4 24. Qxd4 Qxf4 25. Nxb7+ Kc7 26. Nxc5 Qc1+ 27. Kf2 Qxc2+ 28. Kf3 Bd6 29. Rxb2 Qxb2 30. Qxb2 Bxc5 31. Bd5 Rab8 32. Qc3 Kd6 33. Qf6+ Kd7 34. Qc6+ Kd8 35. Qxc5 Kd7 36. Qc6+ Kd8 37. Qd6+ 1-0

[Event "ESP-chTA"]
[Site "Oropesa del Mar"]
[Date "1996.??.??"]
[Round "6"]
[White "Sarmiento Alfonso, Braulio Alfonso"]
[Black "Montoya Irigoyen, Inigo"]
[Result "1-0"]
[WhiteElo "2435"]
[BlackElo "2090"]
[PlyCount "81"]
[EventDate "1996.??.??"]
[EventType "team-swiss"]
[EventRounds "9"]
[EventCountry "ESP"]
[SourceTitle "EXT 1998"]
[Source "ChessBase"]
[SourceDate "1997.11.17"]
[SourceVersion "1"]
[SourceVersionDate "1997.11.17"]
[SourceQuality "1"]

1. Nf3 Nf6 2. c4 c5 3. Nc3 Nc6 4. g3 d5 5. cxd5 Nxd5 6. Bg2 e5 7. Nxe5 Nxc3 8. Nxc6 Nxd1 9. Nxd8 Nxf2 10. Nxf7 Nxh1 11. Nxh8 Nxg3 12. hxg3 Bd6 13. Kf2 Be6 14. Bxb7 Rb8 15. Be4 Kd7 16. Ng6 hxg6 17. d3 Be5 18. Rb1 a5 19. b3 a4 20. Be3 axb3 21. axb3 Kd6 22. Rc1 Bd4 23. Bxd4 cxd4 24. Ra1 Rc8 25. Kg2 Bxb3 26. Ra6+ Kc5 27. Rxg6 Bd1 28. Bf3 Kb4 29. Rxg7 Kc3 30. Re7 Bc2 31. g4 Bxd3 32. exd3 Kxd3 33. g5 Rg8 34. Re5 Kc3 35. Kg3 d3 36. Kg4 Rd8 37. Rd5 Rf8 38. Rd6 d2 39. g6 Kc2 40. g7 Rg8 41. Rd7 1-0